| 000 | 00334nam a2200145Ia 4500 | ||
|---|---|---|---|
| 008 | 230917s9999||||xx |||||||||||||| ||und|| | ||
| 040 |
_e55990 _aMAIN |
||
| 041 | _aEnglish | ||
| 082 | _a824.081 R576C | ||
| 100 | _aRobson, W W | ||
| 245 | 0 | _aCritical essays | |
| 260 |
_aLondon _bRoutledge _c1966 |
||
| 300 | _a284 p. | ||
| 942 | _cBK | ||
| 999 |
_c188314 _d188314 |
||